Ergonomie optimalizace lidské činnosti
Guardado en:
| Autor principal: | |
|---|---|
| Otros Autores: | |
| Formato: | Libro |
| Lenguaje: | checo |
| Publicado: |
Praha
GRADA Publishing
2002
|
| Materias: | |
| Etiquetas: |
Sin Etiquetas, Sea el primero en etiquetar este registro!
|
MARC
| LEADER | 00000nam$a2200000$$$4500 | ||
|---|---|---|---|
| 001 | 0036525 | ||
| 005 | 20221129100911.9 | ||
| 020 | |a 80-247-0226-6 | ||
| 041 | 0 | |a cze | |
| 044 | |a CZ | ||
| 245 | 1 | 0 | |a Ergonomie |b optimalizace lidské činnosti |c Sylva Gilbertová, Oldřich Matoušek |
| 264 | 1 | |a Praha |b GRADA Publishing |c 2002 | |
| 300 | |a 239 s. | ||
| 610 | 2 | 0 | |a ergonómia |
| 610 | 2 | 0 | |a aktivita pracovná |
| 610 | 2 | 0 | |a zdravie |
| 610 | 2 | 0 | |a práca fyzická |
| 610 | 2 | 0 | |a stresy |
| 610 | 2 | 0 | |a práca nočná |
| 610 | 2 | 0 | |a choroby z povolania |
| 610 | 2 | 0 | |a zaťaženie pracovné |
| 610 | 2 | 0 | |a počítače |
| 610 | 2 | 0 | |a rehabilitácia zdravotná |
| 100 | 1 | |a Gilbertová, Sylva | |
| 700 | 1 | |a Matoušek, Oldřich | |